000
00227 a2200097 4500
001
22899
100
_a
Russell, H C
245
_a
Use of Books and Libraries
260
_a
_b
University of Minnesota
_c
1958
090
_c
15497
_d
15497
942
_a
NUST-CAE
_c
M
_c
6110
999
_c
257972
_d
257972